000 01900nam a2200421 c 4500
003 BLK
005 20240604005401.0
008 180410b bul|||||r ||||||| ||bul||
010 _aKNG00169781000
040 _aBLK
041 _aBUL
_cBUL
080 _aБългарска литература
_b821.163.2
_x(081)
_z821.163.2(081)
080 _aБългарска литература
_b821.163.2
_x-93-1
_z821.163.2-93-1
080 _aБългарска литература
_b821.163.2
_x-93-32
_z821.163.2-93-32
080 _aБългарска литература
_b821.163.2
_x-93-2
_z821.163.2-93-2
100 _aЕлин Пелин
_qСтоянов, Димитър Иванов
_9363511
700 1 _aГенов, Кръстьо
_eред. и състав. на том
_9379282
139 _aЕлин Пелин
_bЕ 53
245 1 0 _aСъчинения
_bВ 6 т. : Т. 1 - За том: За деца и юноши
_cЕлин Пелин; ред. и състав. на том Кръстьо Генов.
_nТ. 4
_pСтихотворения, поеми, разкази, драматична сценка
250 _a2. изд.
257 _aBGR
260 София
_bБълг. писател
_c1977 -
300 _c20 см
380 _aX
500 _a1. изд. 1972.
653 _aстихотворения за деца
653 _aразкази
653 _aсцени
653 _aлитература за деца
653 _aдетска литература
760 1 _aЕлин Пелин
_b2. изд.
_d1977
_h367 с., 4 л. : портр., факс.
_tТ. 4 Стихотворения, поеми, разкази, драматична сценка
852 _aЦб 86914
856 4 _qpdf
_u
856 4 _qpdf
_u
942 _cKNG
_n0
944 _aCR
_c19.01.2015
_lCRON CRON
_k
944 _aED
_c25.04.2016
_lф /
_kЛюдмила_Стоянова
999 _c162404
_d162404